Obra completa (Record no. 99659)

MARC details
000 -LEADER
campo de control de longitud fija 00535nam a2200169 i 4500
001 - NÚMERO DE CONTROL
campo de control 99659
003 - IDENTIFICADOR DE NÚMERO DE CONTROL
campo de control ES-MaACL
005 - FECHA Y HORA DE LA ÚLTIMA TRANSACCIÓN
campo de control 20230906182532.0
007 - CAMPO FIJO DE DESCRIPCIÓN FÍSICA--INFORMACIÓN GENERAL
campo de control de longitud fija t|
008 - DATOS DE LONGITUD FIJA--INFORMACIÓN GENERAL
campo de control de longitud fija 050914s1973 sp ||||1| spa d
100 1# - ENTRADA PRINCIPAL--NOMBRE DE PERSONA
Nombre de persona Martínez Alvarez de Sotomayor, José.
9 (RLIN) 77851
245 10 - MENCIÓN DEL TÍTULO
Título Obra completa
Resto del título : (Poesías y Teatro) /
Mención de responsabilidad, etc. José María Martínez Alvarez de Sotomayor.
260 ## - PUBLICACIÓN, DISTRIBUCIÓN, ETC.
Lugar de publicación, distribución, etc. Almería :
Nombre del editor, distribuidor, etc. Librería Mary-Reyes,
Fecha de publicación, distribución, etc. 1973.
300 ## - DESCRIPCIÓN FÍSICA
Extensión 1454 p., 1 lám. ;
Dimensiones 19 cm.
500 ## - NOTA GENERAL
Nota general Grab. ret. aut.
852 ## - LOCALIZACIÓN
Ubicación ES-MaACL
Número de control de estantería C-56070
Sublocalización o colección R.88702
Holdings
Estatus retirado Estado de pérdida Estado de daño No para préstamo Biblioteca de origen Biblioteca actual Ubicación en estantería Fecha de adquisición Fuente de adquisición Total de préstamos Signatura topográfica completa Código de barras Visto por última vez Precio de reemplazo Tipo de ítem Koha
        Biblioteca del Ateneo de Madrid Biblioteca del Ateneo de Madrid Depósito 2 17/01/2008     C-56070 1104063 23/02/2023 23/02/2023 Libro impreso